00566nam a22001337a 4500008004100000040005500041080002200096100002300118245004700141260006400188500015200252650001600404653001200420230602b |||||||| |||| 00| 0 eng d aNational Science LibrarycNational Science Library aR 31:338(73) bJ4 aConklin, Maxwell R aUnited States census of manufactures 1954  aWashington, D.C.: bU.S. Government Printing Office, c1954 aVol. 1 (Summary statistics) Vol. 2 (Industry statistics) Part 1 (Major groups 20 to 28) Vol. 2 (Industry statistics) Part 2 (Major groups 29 to 39) aStatistics  aCensus